المرأة وتجارة المخدرات : (Record no. 20860)

MARC details
000 -الفاتح
عناصر البيانات ثابتة الطول 00824cam a2200205 i 4500
005 - تاريخ ووقت آخر معاملة
حقل ضبط 20260128112917.0
008 - عناصر البيانات ثابتة الطول
عناصر البيانات ثابتة الطول 250721s1991 ua gr 000 0 ara d
082 14 - رقم تصنيف ديوي العشري
رقم التصنيف 364.17
رقم المادة ع ب د
100 1# - مدخل رئيسي – اسم شخصي
الاسم الشخصي غانم، عبد الله عبد الغني
علاقة الشخص بالعمل/ دوره مؤلف.
245 12 - بيان العنوان
العنوان المرأة وتجارة المخدرات :
بقية العنوان دراسة في انثروبولوجيا الجريمة /
بيان المسؤولية تأليف دكتور/ عبدالله عبدالغني غانم.
264 31 - بيانات النشر، التوزيع…إلخ
مكان النشر، التوزيع...إلخ الإسكندرية :
اسم الناشر، الموزع...إلخ المكتب الجامعي الحديث،
تاريخ النشر، التوزيع...إلخ 1991.
300 ## - الوصف المادي
عدد الوحدات المكونة للوعاء 368 صفحة.
490 0# - بيان السلسلة
عنوان السلسلة جرائم النساء ؛
رقم الوعاء في السلسلة رقم ثلاثة.
650 17 - مدخل إضافي بالموضوع - مصطلح موضوعي
مصطلح موضوعي أو اسم جغرافي كعنصر مدخل المخدرات.
650 17 - مدخل إضافي بالموضوع - مصطلح موضوعي
مصطلح موضوعي أو اسم جغرافي كعنصر مدخل الجريمة.
650 17 - مدخل إضافي بالموضوع - مصطلح موضوعي
مصطلح موضوعي أو اسم جغرافي كعنصر مدخل المجرمون.
830 #0 - مدخل إضافي بالسلسلة-عنوان مقنن
عنوان السلسسلة جرائم النساء.
942 ## - بيانات إضافية (كوها)
نوع التنصيف Dewey Decimal Classification
نوع المادة (كوها) Books
Holdings
حالة السحب حالة الفقدان مصدر التصنيف حالة التلف غير قابل للإعارة المكتبة الرئيسية المكتبة الحالية موقع الرف تاريخ التزويد الرقم المتسلسل Total Checkouts رقم الإستدعاء الباركود تاريخ آخر ظهور تاريخ الفاتورة نوع المادة (كوها)
    Dewey Decimal Classification     المكتبة المركزية المكتبة المركزية الإعارة 06/07/2004 164026   364.17 / ع ب د 164026 28/07/2025 06/07/2004 Books
Implemented & Customized by: BBB with SCIT (Smart Chains for Information Technology)

Powered by Koha